| 000 | 00469nam a2200193Ia 4500 | ||
|---|---|---|---|
| 005 | 20240823045812.0 | ||
| 008 | 240823s9999||||xx |||||||||||||| ||und|| | ||
| 041 | _aENGLISH | ||
| 082 | _A658.3 N0 | ||
| 100 | _aMickovich | ||
| 245 | 0 | _aPersonal Human Resource management | |
| 250 | _a5th | ||
| 260 |
_c1980 _b"AITBS,Delhi" |
||
| 500 | _aTRANSFERED | ||
| 650 |
_aManagement _bManagement Studies |
||
| 700 | _a" Boudreau,John W" | ||
| 942 | _cBK | ||
| 999 |
_c215798 _d215798 |
||